Southville International School and Colleges
Your cart is empty.
  • Cart
  • Lists
    Public lists Eva Luna New books Lux_list list_1
    Your lists Log in to create your own lists
  • Log in to your account
  • Your cookies
  • Search history
Southville International School and Colleges
  • Advanced search
  • Recent comments
  • Most popular
  • Libraries

Log in to your account

Log in with GOOGLE


If you do not have an external account, but do have a local account, you can still log in:

  1. Home
  2. MARC view: The mountain people /
Normal view MARC view ISBD view

The mountain people / (Record no. 288421)

[ view plain ]
MARC details
000 -LEADER
fixed length control field 00588nam a22002050 4500
001 - CONTROL NUMBER
control field ocn0671217240
003 - CONTROL NUMBER IDENTIFIER
control field PILC
005 - DATE AND TIME OF LATEST TRANSACTION
control field 20150820144549.0
008 - FIXED-LENGTH DATA ELEMENTS--GENERAL INFORMATION
fixed length control field 971103s1972 eng
020 ## - INTERNATIONAL STANDARD BOOK NUMBER
International Standard Book Number 0671217240 (pbk.)
020 ## - INTERNATIONAL STANDARD BOOK NUMBER
International Standard Book Number 0671213202
050 00 - LIBRARY OF CONGRESS CALL NUMBER
Classification number DT 433.245.I37
Item number .T87 1972
100 1# - MAIN ENTRY--PERSONAL NAME
Personal name Turnbull, Colin M.
245 14 - TITLE STATEMENT
Title The mountain people /
Statement of responsibility, etc Colin M. Turnbull.
260 ## - PUBLICATION, DISTRIBUTION, ETC. (IMPRINT)
Place of publication, distribution, etc New York :
Name of publisher, distributor, etc Simon and Schuster,
Date of publication, distribution, etc 1972.
300 ## - PHYSICAL DESCRIPTION
Extent 309 pages :
Other physical details illustrations ;
Dimensions 21 cm.
500 ## - GENERAL NOTE
General note "A Touchstone book."
650 #0 - SUBJECT ADDED ENTRY--TOPICAL TERM
Topical term or geographic name as entry element Ik (African people)
942 ## - ADDED ENTRY ELEMENTS (KOHA)
Source of classification or shelving scheme Library of Congress Classification
Koha item type Books
Call number prefix Foreign
Holdings
Withdrawn status Lost status Source of classification or shelving scheme Damaged status Home library Current library Shelving location Date acquired Source of acquisition Sub Shelving location Total Checkouts Full call number Barcode Date last seen Price effective from Koha item type
    Library of Congress Classification   College Library College Library Fiction Section 08/20/2015 Donation     DT 433.245.I37 .T87 1972 C19712 05/08/2018 08/20/2015 Books

The mountain people /

APA

Turnbull C. M., . (1972). The mountain people. New York: Simon and Schuster.

Chicago

Turnbull Colin M, . 1972. The mountain people. New York: Simon and Schuster.

Harvard

Turnbull C. M., . (1972). The mountain people. New York: Simon and Schuster.

MLA

Turnbull Colin M, . The mountain people. New York: Simon and Schuster. 1972.

  • Place hold
  • Print
  • Cite
  • Add to your cart (remove)
  • Save record
    BIBTEX Dublin Core MARCXML MARC (non-Unicode/MARC-8) MARC (Unicode/UTF-8) MARC (Unicode/UTF-8, Standard) MODS (XML) RIS
  • More searches
    Search for this title in:
    Other Libraries (WorldCat) Other Databases (Google Scholar) Online Stores (Bookfinder.com) Open Library (openlibrary.org)

Exporting to Dublin Core...

SOUTHVILLE LIBRARY

Southville International School and Colleges Library

1281 Tropical Ave. Cor. Luxembourg St., BF Homes International, Las Pinas City

Tel. No. 8256374 / 252358 Loc. 117/146

Powered by Koha